| 000 | 02686nam2a2200385 4500 | ||
|---|---|---|---|
| 001 | RU\NLR\bibl\29725 | ||
| 005 | 20260409073449.0 | ||
| 010 |
_a5-230-03415-7 _9300 |
||
| 021 |
_aRU _b98-19930 _9947 |
||
| 035 | _a(NLR Aleph) 000028944 | ||
| 090 |
_a142940 _c142940 |
||
| 100 | _a19990526d1998 |||y0rusy50 ca | ||
| 101 | 0 | _arus | |
| 102 | _aRU | ||
| 105 | _a||||||||||||| | ||
| 200 | 1 | _aКинетика. Катализ. Окислительно-восстановительные процессы. Коррозия металлов. Жесткость воды | |
| 210 |
_d1998 _aБ. м. |
||
| 215 |
_a76 с. _cил. |
||
| 320 | _aБиблиогр. в конце тем | ||
| 461 | 0 |
_1001RU\NLR\bibl\32289 _12001#$aХимия$vЧ. 2 _9157836 _cВолгоград _d1998 _fМ-во общ. и проф. образования РФ, Волгогр. гос. архит.-строит. акад. _nВолгГАСА _oСправ.-метод. пособие _tХимия _vЧ. 2 |
|
| 606 | 0 |
_aХимическая кинетика _jРуководства, пособия и т.п. для высшей школы _9962273 _3RU\NLR\auth\6640605 |
|
| 606 | 0 |
_aХимическая кинетика _jУчебные издания для высшей школы _9962273 _3RU\NLR\auth\6640605 |
|
| 606 | 0 |
_aКатализ _jРуководства, пособия и т.п. для высшей школы _91056294 _3RU\NLR\auth\6690841 |
|
| 606 | 0 |
_aКатализ _jУчебные издания для высшей школы _91056294 _3RU\NLR\auth\6690841 |
|
| 606 | 0 |
_aОкислительно-восстановительные реакции _jРуководства, пособия и т.п. для высшей школы _9930655 _3RU\NLR\auth\6624056 |
|
| 606 | 0 |
_aОкислительно-восстановительные реакции _jУчебные издания для высшей школы _9930655 _3RU\NLR\auth\6624056 |
|
| 606 | 0 |
_aВода _jРуководства, пособия и т.п. для высшей школы _xЖесткость _91194441 _3RU\NLR\auth\66164706 |
|
| 606 | 0 |
_aВода _jУчебные издания для высшей школы _xЖесткость _91194441 _3RU\NLR\auth\66164706 |
|
| 606 | 0 |
_aКоррозия и защита от нее _jРуководства, пособия и т.п. для высшей школы _9950978 _3RU\NLR\auth\6634727 |
|
| 606 |
_aМеталлы _xКоррозия и защита от нее _jУчебные издания для высшей школы _3RU\NLR\auth\661264607 _92089021 |
||
| 801 | 0 |
_aRU _bNLR _c19990526 _gPSBO |
|
| 801 | 1 |
_aRU _bNLR _c19990526 |
|
| 852 |
_aNLR _j99-4/2337 |
||
| 942 | _cBOOK | ||
| 980 | _aNB | ||